| 000 | 01317nam a2200301Ia 4500 | ||
|---|---|---|---|
| 001 | fantasticfatherd00scha | ||
| 003 | CaSfIA | ||
| 005 | 20210118082706.0 | ||
| 007 | cr|||| | ||
| 008 | 090601s1997 ilu 000 0 eng d | ||
| 010 | _a 95081337 | ||
| 040 |
_aIAZ _cIAZ _dCaSfIA |
||
| 020 | _a1562452428 (pbk.) | ||
| 020 | _a9781562452421 (pbk.) | ||
| 035 | _a(OCoLC)367585969 | ||
| 090 |
_aPN6084.F3 _bS32 1997 |
||
| 100 | 1 | _aSchaffer, Peggy. | |
| 245 | 1 | 0 |
_aFantastic father, dependable dad / _h[electronic resource] _ccompiled by Peggy Schaffer. |
| 260 |
_aGlendale Heights, IL : _bGreat Quotations Pub., _cc1997. |
||
| 300 |
_a168 p. ; _c12 x 16 cm. |
||
| 650 | 0 |
_aFathers _xQuotations. |
|
| 650 | 0 |
_aFatherhood _vQuotations, maxims, etc. |
|
| 856 | 4 | 1 |
_uhttp://www.archive.org/details/fantasticfatherd00scha _zFree eBook from the Internet Archive |
| 856 | 4 | 2 |
_uhttp://www.openlibrary.org/books/OL8639932M _zAdditional information and access via Open Library |
| 942 | _cEB | ||
| 506 | _fНеобхідна авторизація на https://archive.org/ (створення облікового запису безкоштовно) | ||
| 506 | _fНеобхідна авторизація на https://openlibrary.org/ (створення облікового запису безкоштовно) | ||
| 999 |
_c495510 _d495510 |
||